La Revolución de 1868 en el Alto Aragón / (Record no. 72057)

MARC details
000 -LEADER
campo de control de longitud fija 00678nam a2200205 i 4500
001 - NÚMERO DE CONTROL
campo de control 72057
003 - IDENTIFICADOR DE NÚMERO DE CONTROL
campo de control ES-MaACL
005 - FECHA Y HORA DE LA ÚLTIMA TRANSACCIÓN
campo de control 20240705063043.0
007 - CAMPO FIJO DE DESCRIPCIÓN FÍSICA--INFORMACIÓN GENERAL
campo de control de longitud fija t|
008 - DATOS DE LONGITUD FIJA--INFORMACIÓN GENERAL
campo de control de longitud fija 040825s1980 sp ||||1| spa d
100 0# - ENTRADA PRINCIPAL--NOMBRE DE PERSONA
Nombre de persona Gil Novales, Alberto,
Fechas asociadas al nombre 1930-2016
9 (RLIN) 56851
245 13 - MENCIÓN DEL TÍTULO
Título La Revolución de 1868 en el Alto Aragón /
Mención de responsabilidad, etc. Alberto Gil Novales.
260 ## - PUBLICACIÓN, DISTRIBUCIÓN, ETC.
Lugar de publicación, distribución, etc. [Zaragoza] :
Nombre del editor, distribuidor, etc. Guara,
Fecha de publicación, distribución, etc. [1980]
300 ## - DESCRIPCIÓN FÍSICA
Extensión 122 p. ;
Dimensiones 20 cm.
490 1# - MENCIÓN DE SERIE
Mención de serie Colección básica aragonesa ;
Designación de volumen o secuencia 24
651 #4 - PUNTO DE ACCESO ADICIONAL DE MATERIA--NOMBRE GEOGRÁFICO
Nombre geográfico España-
Subdivisión general Historia-
Subdivisión cronológica 1868, Revolución.
9 (RLIN) 149661
830 0# - PUNTO DE ACCESO ADICIONAL DE SERIE-TÍTULO UNIFORME
Título uniforme Colección básica aragonesa ;
Designación de volumen o secuencia 24
9 (RLIN) 180901
852 ## - LOCALIZACIÓN
Ubicación ES-MaACL
Número de control de estantería C-36803
Sublocalización o colección R.100610
Holdings
Estatus retirado Estado de pérdida Estado de daño No para préstamo Biblioteca de origen Biblioteca actual Ubicación en estantería Fecha de adquisición Fuente de adquisición Total de préstamos Signatura topográfica completa Código de barras Visto por última vez Precio de reemplazo Tipo de ítem Koha
        Biblioteca del Ateneo de Madrid Biblioteca del Ateneo de Madrid Depósito 2 17/01/2008     C-36803 1075429 23/02/2023 23/02/2023 Libro impreso